| 000 | 00570nam a2200205Ii 4500 | ||
|---|---|---|---|
| 999 |
_c1403 _d1403 |
||
| 001 | 4215874 | ||
| 003 | OSt | ||
| 005 | 20180912130538.0 | ||
| 008 | 780912s1970 azu 000 0 eng d | ||
| 040 |
_aSTU _cSTU |
||
| 082 |
_a228 _bB821E |
||
| 090 |
_aBS2825.4 _b.B82 |
||
| 100 | 1 |
_aBranham, William, _d1909-1965. |
|
| 245 | 1 | 3 | _aAn exposition of the seven church ages. |
| 260 |
_a[Tucson, Ariz. : _bThe Author, _cca. 1970?] |
||
| 300 |
_a381 p. : _bport., diagr. ; _c22 cm. |
||
| 630 | 0 | 0 |
_aBible. _pRevelation _vCommentaries. |
| 650 | 0 | _aSeven churches. | |
| 942 |
_2ddc _cBK |
||